000 00730nam a2200193 i 4500
001 96693
003 ES-MaACL
005 20230906181948.0
007 t|
008 050629s1924 sp ||||1| spa d
100 1 _aMaluquer y Salvador, José.
_975885
245 1 0 _aAteneo de la Clase Obrera de Igualada (Cataluña)
_b: curso de seguro obrero : exposición del programa /
_cpor José Maluquer y Salvador.
250 _a2ª ed.
260 _aMadrid :
_b[s.n.],
_c1924 (
_fSobrinos de la Sucesora de M. Minuesa de los Ríos)
300 _a23 p., [2] h. de lám. ;
_c21 cm.
500 _aPrecede al tít.:Instituto Nacional de Previsión.
650 _aSeguridad social-
_zEspaña.
_917023
852 _aES-MaACL
_j1674-F-4
_bR.4554
999 _c96693
_d96693